Understanding Modern maths : Books -5 (Record no. 1396620)

MARC details
000 -LEADER
fixed length control field 00576nam a2200205Ia 4500
005 - DATE AND TIME OF LATEST TRANSACTION
control field 20250508165651.0
008 - FIXED-LENGTH DATA ELEMENTS--GENERAL INFORMATION
fixed length control field 008 250505s9999 xx 000 0 eng d
020 ## - INTERNATIONAL STANDARD BOOK NUMBER
International Standard Book Number 978-94-007-7280-9
037 ## - SOURCE OF ACQUISITION
Stock number Periodicals
040 ## - CATALOGING SOURCE
Original cataloging agency FEDL
Language of cataloging eng
Transcribing agency FEDL
041 ## - LANGUAGE CODE
Language code of text/sound track or separate title eng
Source of code eng
084 ## - COLON CLASSIFICATION NUMBER
Classification number 510.7, MAD
Assigning agency FEDL
245 #0 - TITLE STATEMENT
Title Understanding Modern maths : Books -5
245 #0 - TITLE STATEMENT
Statement of responsibility, etc. Madhuban educational books
260 ## - PUBLICATION, DISTRIBUTION, ETC.
Place of publication, distribution, etc. New Delhi, India
Name of publisher, distributor, etc. Vikas Publishing House
Date of publication, distribution, etc. 1994
300 ## - PHYSICAL DESCRIPTION
Extent 159p.
365 ## - TRADE PRICE
Price type code INR
Price amount 28
942 ## - ADDED ENTRY ELEMENTS (KOHA)
Koha item type Periodicals
Classification part 510.7, MAD
Holdings
Withdrawn status Lost status Damaged status Not for loan Home library Current library Date acquired Cost, normal purchase price Total Checkouts Full call number Barcode Date last seen Price effective from Koha item type
        Department of Education Library Department of Education Library 2025-05-08 28.00   510.7, MAD EL0090272 2025-05-08 2025-05-08 Periodicals
Copyright @ Delhi University Library System